000
00305nam a22001337a 4500
008
170221b xxu||||| |||| 00| 0 eng d
020
_a
0023447206
041
_a
eng
080
_2
6 ED
_a
615
100
_a
5
101
_a
SHF
245
_a
THE PHARAMCOLOGY BASIC THERAPEUTICS
_c
GILMAN.A.G
942
_2
udc
_c
BK
999
_c
5957
_d
5957